Billie Eilish - listen before i go lyrics - Statistics

General Stats
  • This quiz has been taken 407 times
  • The average score is 136 of 167
Answer Stats
Answer % Correct
I
100%
me
98%
the
97%
to
96%
when
96%
you
96%
You
96%
wanna
94%
Wanna
94%
so
93%
Take
93%
be
92%
I'm
92%
see
92%
a
91%
rooftop
91%
do
90%
do)
90%
stop
89%
world
89%
breathing
88%
love
88%
Tell
88%
tell
88%
don't
87%
Don't
87%
no
87%
is
86%
Sorry
85%
(sorry)
85%
sorry
85%
If
83%
like
83%
(like
83%
Better
82%
better
82%
blue
82%
'Cause
82%
hurry
82%
my
82%
not
82%
soon
82%
that
82%
and
81%
And
81%
leaving
81%
Turning
81%
But
80%
endless
80%
Leave
79%
can't
78%
need
78%
Them
78%
them
78%
friends
77%
know
77%
save
76%
how
75%
now
75%
miss
73%
I'll
72%
Call
71%
way
67%
feel
66%
there's
66%
down
65%
on
65%
out
65%
pretentious
65%
vu
64%
Deja
63%
okay
63%
all
60%
say
58%
what
58%
cheek
57%
matters
57%
tears
56%
salty
55%
Taste
52%
scattered
51%
does
50%
long
50%
year
49%
That's
48%
headache
47%
mm
46%
No matching quizzes found
Score Distribution
Percent of People with Each Score
Percentile by Number Answered
Your Score History
You have not taken this quiz